<?xml version="1.0" encoding="UTF-8"?><?xml-stylesheet type="text/xsl" href="static/style.xsl"?><OAI-PMH xmlns="http://www.openarchives.org/OAI/2.0/" xmlns:xsi="http://www.w3.org/2001/XMLSchema-instance" xsi:schemaLocation="http://www.openarchives.org/OAI/2.0/ http://www.openarchives.org/OAI/2.0/OAI-PMH.xsd"><responseDate>2026-06-07T07:14:59Z</responseDate><request verb="GetRecord" identifier="oai:riuma.uma.es:10630/39396" metadataPrefix="marc">https://riuma.uma.es/rest/oai/request</request><GetRecord><record><header><identifier>oai:riuma.uma.es:10630/39396</identifier><datestamp>2026-02-03T11:39:13Z</datestamp><setSpec>com_10630_2254</setSpec><setSpec>col_10630_37956</setSpec></header><metadata><record xmlns="http://www.loc.gov/MARC21/slim" xmlns:dcterms="http://purl.org/dc/terms/" xmlns:doc="http://www.lyncode.com/xoai" xmlns:xsi="http://www.w3.org/2001/XMLSchema-instance" xsi:schemaLocation="http://www.loc.gov/MARC21/slim http://www.loc.gov/standards/marcxml/schema/MARC21slim.xsd">
   <leader>00925njm 22002777a 4500</leader>
   <datafield ind2=" " ind1=" " tag="042">
      <subfield code="a">dc</subfield>
   </datafield>
   <datafield ind2=" " ind1=" " tag="720">
      <subfield code="a">Sánchez-Cruzado, Cristina</subfield>
      <subfield code="e">author</subfield>
   </datafield>
   <datafield ind2=" " ind1=" " tag="720">
      <subfield code="a">Serrano-Moral, Carmen</subfield>
      <subfield code="e">author</subfield>
   </datafield>
   <datafield ind2=" " ind1=" " tag="720">
      <subfield code="a">Sánchez-Compaña, María Teresa</subfield>
      <subfield code="e">author</subfield>
   </datafield>
   <datafield ind2=" " ind1=" " tag="260">
      <subfield code="c">2022</subfield>
   </datafield>
   <datafield ind2=" " ind1=" " tag="520">
      <subfield code="a">En este capítulo, se aborda una experiencia llevada a cabo en noviembre de 2020, con docentes en formación del Máster de Profesorado de Secundaria de las especialidades de Matemáticas y Ciencias Sociales de la Universidad de Málaga, y alumnado de 2º de ESO del Colegio Santa Victoria de Córdoba.&#xd;
Se planteó una propuesta integrada al futuro profesorado de secundaria en la asignatura de «Innovación docente e iniciación a la investigación educativa», para que, trabajando de forma interdisciplinar y colaborativa, crearan una práctica educativa destinada a un grupo de alumnado de segundo de ESO, contextualizado en Medina Azahara en al ciudad de Córdoba. Se formaron 7 grupos mixtos de docentes en formación de las dos especialidades, y se les pedía una integración curricular de las áreas&#xd;
de ciencias sociales y matemáticas. La experiencia se llevó a cabo de forma virtual, ya que la Covid-19, impedía encuentros de grupos numerosos de personas. Lo que de partida se planteaba como una situación compleja, lanzar una propuesta que se ejecutaría por el alumnado de secundaria en Córdoba, orientada por docentes en formación en Málaga, resultó una experiencia enriquecedora de alto valor formativo.</subfield>
   </datafield>
   <datafield ind1="8" ind2=" " tag="024">
      <subfield code="a">Sánchez-Cruzado, C., Serrano Moral, C., &amp; Sánchez-Compaña, M. T. (2022). Una práctica virtual en Medina Azahara para el desarrollo de competencias docentes del profesorado en formación integrando contenidos matemáticos y patrimoniales. En Chaparro Sainz, A. y García-Ruiz, C.R. Prácticas docentes universitarias en Didáctica de las Ciencias Sociales: investigaciones y experiencias, 315-332. Dylkinson S.L.</subfield>
   </datafield>
   <datafield ind1="8" ind2=" " tag="024">
      <subfield code="a">978-84-1122-346-1</subfield>
   </datafield>
   <datafield ind1="8" ind2=" " tag="024">
      <subfield code="a">https://hdl.handle.net/10630/39396</subfield>
   </datafield>
   <datafield tag="653" ind2=" " ind1=" ">
      <subfield code="a">Investigación activa en educación</subfield>
   </datafield>
   <datafield tag="653" ind2=" " ind1=" ">
      <subfield code="a">Profesores - Formación profesional</subfield>
   </datafield>
   <datafield tag="653" ind2=" " ind1=" ">
      <subfield code="a">Innovaciones educativas</subfield>
   </datafield>
   <datafield ind2="0" ind1="0" tag="245">
      <subfield code="a">Una práctica virtual en Medina Azahara para el desarrollo de competencias docentes del profesorado en formación integrando contenidos matemáticos y patrimoniales</subfield>
   </datafield>
</record>
</metadata></record></GetRecord></OAI-PMH>